A Streetcar Named Desire Quotes - Statistics

General Stats
  • This quiz has been taken 74 times
  • The average score is 10 of 18
Answer Stats
Scene Character Quote % Correct
11 Blanche I have always depended on the kindness of {strangers}
92%
3 Stanley STELL-{LAHHHHHH}!
85%
2 Stanley Have you ever heard of the {Napoleonic} code?
81%
11 Stella What have I done to my {sister}? Oh, God, what have I done to my {sister}?
79%
4 Stella He didn't {know} what he was doing....
75%
8 Stanley I am not a {Polack}.
67%
9 Blanche I'll tell you what I want. {Magic}! Yes, yes, {magic}!
65%
2 Blanche The {blind} are - leading the {blind}!
63%
1 Blanche And {funerals} are pretty compared to deaths.
56%
1 Blanche No, {one's} my limit.
52%
11 Stanley {Tiger} - {tiger}! Drop the bottle-top! Drop it! We've had this date with each other from the beginning!
52%
10 Stage Directions Blanche has been {drinking} fairly steadily since Mitch left.
46%
1 Stella You never did give me a chance to {say} much, Blanche.
46%
10 Blanche But some things are not forgivable. Deliberate {cruelty} is not forgivable. It is the one unforgivable thing in my opinion and it is the one thing of which I have never, never been guilty.
42%
1 Blanche Because - as you must have noticed - I'm - not {very well}...
33%
3 Blanche I can't stand a naked light bulb, any more than I can a {rude remark} or a vulgar action.
33%
1 Stage Directions Her appearance is {incongruous} to this setting.
21%
2 Stella You have no idea how {stupid} and horrid you’re being!
10%
No matching quizzes found
Score Distribution
Percent of People with Each Score
Percentile by Number Answered
Your Score History
You have not taken this quiz